|
|
|
|
| LEADER |
00000nab#a22000007a#4500 |
| 001 |
arbauad023414 |
| 003 |
AR-BaUAD |
| 005 |
20250711111959.0 |
| 008 |
961113|||||||||###||||||b###|0###a|spa|| |
| 040 |
|
|
|a AR-BaUAD
|c AR-BaUAD
|b spa
|
| 100 |
|
|
|a Gandelsonas, Mario
|
| 245 |
|
|
|a Neofuncionalismo /
|c Mario Gandelsonas; Diana Agrest;
|
| 300 |
0 |
|
|b axonom., cortes, fot., plantas, vistas
|
| 653 |
|
|
|a CRITICA DE LA ARQUITECTURA
|
| 653 |
|
|
|a GANDELSONAS, MARIO
|
| 653 |
|
|
|a AGREST, DIANA
|
| 700 |
1 |
|
|a Agrest, Diana
|
| 773 |
0 |
|
|t SUMMARIOS
|g no. 13 [nov. 1977], p. 31-32
|
| 942 |
|
|
|c ARTI
|
| 952 |
|
|
|0 0
|1 0
|4 0
|7 0
|9 68333
|a AR-BAuAD
|b AR-BAuAD
|d 2025-07-11
|l 0
|p AAQA023414
|r 2025-07-11 11:19:59
|w 2025-07-11
|y ARTI
|
| 990 |
|
|
|a AQ197
|b TD
|
| 998 |
|
|
|a AAQ
|b BIBUN76
|
| 999 |
|
|
|c 48006
|d 48006
|